Les Simpson - S12E18 : Triple Erreur - Statistiques

Statistiques générales
  • Ce quiz a été pris 27 fois
  • Le résultat moyen est 8 sur 10
Statistiques - réponses
Question Réponse % Correct
Quelle adresse donne Marge à la police en admettant avoir coupé le pouce de son mari ? 123 Rue Bidon
100%
Qu'a trouvé Milhouse dans une grotte ? des feux d'artifice
100%
La journée de qui ne voit-on pas en détail ? Marge
100%
Quel jour se répète dans cet épisode ? le 21 mars
83%
Comment s'appelle le robot de Lisa ? Linguo
83%
Dans quelle école élémentaire se retrouve Lisa par erreur ? Springfield ouest
83%
Que prépare Marge dans la cuisine ? des brownies
67%
En allant aux urgences, dans qui fonce Marge en voiture ? Rainier Wolfcastle
67%
Quel slogan est affiché sur le panneau publicitaire du docteur Nick ? Si c'est rentré, on peut le faire sortir
67%
Combien de coups de sonnette donne Milhouse pour indiquer qu'il a une bonne nouvelle ? quatre
17%
Aucun quiz correspondant
Distribution des résultats
% des personnes avec chaque résultat
Percentile par nombre de réponses
Votre historique - résultats
Vous n’avez pas pris ce quiz